Liverpool F.C. Goalscorers 2017-2018 Season - Statistics

General Stats
  • This quiz has been taken 315 times
  • The average score is 13 of 18
Answer Stats
Goals Player % Correct
44 Mohamed Salah
100%
27 Roberto Firmino
100%
19 Sadio Mané
99%
1 Jordan Henderson
94%
1 Andrew Robertson
88%
3 Trent Alexander-Arnold
87%
1 Virgil van Dijk
87%
1 James Milner
82%
1 Joël Matip
77%
12 Philippe Coutinho
77%
2 Georginio Wijnaldum
73%
2 Dejan Lovren
70%
3 Daniel Sturridge
64%
7 Emre Can
62%
5 Alex Oxlade-Chamberlain
61%
1 Dominic Solanke
42%
1 Danny Ings
38%
1 Ragnar Klavan
37%
No matching quizzes found
Score Distribution
Percent of People with Each Score
Percentile by Number Answered
Your Score History
You have not taken this quiz